000 00618nam a2200253Ia 4500
005 20260121161032.0
008 008 260114s9999 xx 000 0 eng d
020 _a9780203944431
037 _aEBOOK
040 _aCRL
040 _beng
040 _cCRL
041 _2eng
041 _aeng
084 _qCRL
100 _a Ulrich Plass
_91039396
245 0 _aLanguage and History in Adorno's Notes to Literature
260 _bTaylor and Francis
260 _c2006
856 _uhttp://www.taylorfrancis.com/books/9780203944431
942 _cEBOOK
999 _c1606212
_d1606212